| 000 | 00756nas a2200253 4500 | ||
|---|---|---|---|
| 001 | BR8602125 | ||
| 003 | BR-BrBNA | ||
| 005 | 20231205090439.0 | ||
| 007 | ta | ||
| 008 | 230509b bl.|||p| |||| 00| 00por d | ||
| 040 |
_aBR-BrBNA _bpor _cBiblioteca Nacional de Agricultura |
||
| 041 | _a(Pt) | ||
| 072 | _aF01 | ||
| 100 | 1 | _aIde, B.Y. | |
| 100 | 1 | _aOliveira, M.A. de | |
| 100 | 1 | _aLopes, J.R. | |
| 245 | 1 | _aCultivo de soqueira em cana-de-acucar [Saccharum spp] | |
| 246 | 1 | _aCultivation in sugarcane ratoon | |
| 650 | _aCANA DE ACUCAR | ||
| 650 | _aCULTIVO DA SOCA | ||
| 773 | 0 |
_tBoletim Tecnico COPERSUCAR (Brazil) _xISSN 0100-2996 _g(Apr 1984), (no. 26) p. 15-21 _wBR8602125 |
|
| 909 |
_a202311 _bLúcia _c55 _dLúcia Elande |
||
| 942 |
_2AGRIS _n0 _cANA |
||
| 999 |
_c118477 _d118477 |
||